|
|
|
|
| LEADER |
00000nam a2200000Ia 4500 |
| 008 |
161010b1999 mx ||||| |||| 00| | spa d |
| 020 |
|
|
|a 9687798327
|
| 090 |
|
|
|a 06.03.06
|b 332
|
| 110 |
2 |
|
|9 1754
|a Asociación Nacional de Universidades e Instituciones de Educación Superior (ANUIES)
|
| 245 |
1 |
3 |
|a La educación superior ante los desafíos de la sustentabilidad
|
| 260 |
|
|
|a México :
|b ANUIES,
|c 1999
|
| 300 |
|
|
|a volúmenes.
|
| 490 |
|
|
|a Serie bibliográfica
|
| 505 |
|
|
|a Volumen 1 En torno al desarrollo sostenible
|
| 505 |
|
|
|a Volumen 2 En torno a la educación ambiental
|
| 505 |
|
|
|a Volumen 3 En torno al curriculum ambiental
|
| 650 |
1 |
4 |
|9 8
|a EDUCACIÓN SUPERIOR
|
| 650 |
1 |
4 |
|a DESARROLLO SOSTENIBLE
|9 443
|
| 650 |
1 |
4 |
|a MEDIO AMBIENTE
|9 792
|
| 650 |
1 |
4 |
|a EDUCACIÓN AMBIENTAL
|9 439
|
| 942 |
|
|
|i 001383 ,001384,001385
|h 06.03.06 332
|2 z
|c 01
|
| 999 |
|
|
|c 414
|d 414
|